000 02859nam0a2200469 4500
001 RU\NLR\bibl\966485
005 20260405111854.0
010 _a5-903014-04-6
_bВ пер.
_9500
021 _aRU
_b2006-26842
_91333
035 _a(nilc)RSL-KNO-002885513
035 _a(NLR Aleph) 000954468
090 _a300397
_c300397
100 _a20060511d2006 |||y0rusy50 ca
101 0 _arus
_erus
_eeng
_deng
102 _aRU
105 _ay |||||||||
106 _ar
200 1 _aПроблемы изучения региональной ономастики. Ономастикон Тамбовской области
_dProblems of studying regional onomasticon. The onomasticon of Tambov oblast
_eмонография
_fА.С. Щербак
_gФедер. агентство по образованию. Тамб. гос. ун-т им. Г.Р. Державина
_zeng
210 _aТамбов
_cИзд-во ТГУ
_d2006
_eТамбов
_gА-ЭлитА
215 _a293 с.
_cил.
_d21
300 _aАвт. также на англ. яз.: A.S. Shcherbak
300 _aРез. на англ. яз
320 _aБиблиогр.: с. 245-284
510 0 _6z55790
_aProblems of studying regional onomasticon. The onomasticon of Tambov oblast
_zeng
517 0 _aОномастикон Тамбовской области
606 1 _aРусский язык
_xДиалекты
_yТамбовская область
_91533060
_3RU\NLR\auth\66969077
606 1 _aРусский язык
_xОномастика
_91542659
_3RU\NLR\auth\66973919
610 0 _aФилологические науки. Художественная литература -- Языкознание -- Индоевропейские языки -- Славянские языки -- Восточнославянские языки -- Русский язык -- Лексикология -- Топонимика. Этнонимика. Ономастика
610 0 _aФилологические науки. Художественная литература -- Языкознание -- Индоевропейские языки -- Славянские языки -- Восточнославянские языки -- Русский язык -- Лексикография -- Словари собственных имен
686 _aШ141.2-314
_2rubbk
686 _aШ141.2-424
_2rubbk
686 _aШ141.12-516
686 _aШ141.12-314
700 1 _4340
_7ca
_8rus
_aЩербак
_bА. С.
_cд-р филол. наук
_f1956-
_gАнтонина Семеновна
_925744
_3RU\NLR\AUTH\7742801
790 1 _4070
_7ba
_8rus
_aŠčerbak
_bA. S.
_f1956-
_gAntonina Semenovna
_925747
_3RU\NLR\auth\7742804
801 0 _aRU
_bРКП
_c20060511
_grcr
801 1 _aRU
_bРГБ
_c20060511
801 2 _aRU
_bNLR
_c20060711
_grcr
942 _cBOOK
980 _aNB
980 _aNBR